| 000 | 00502nam a2200193Ia 4500 | ||
|---|---|---|---|
| 008 | 220531s9999 xx 000 0 und d | ||
| 041 | _aeng | ||
| 082 | _bDIX / PRA | ||
| 100 |
_aDixit, P. G. / Prayag, V. R. _968633 |
||
| 245 | _aStatistical Methods-i (paper-i) | ||
| 250 | _a1ST | ||
| 260 |
_aPune _bNirali _c2014 |
||
| 300 | _aP.3 | ||
| 542 | _d08-07-2014 | ||
| 551 |
_aComputer Science _bNon-grant-CS |
||
| 650 |
_astatistics _968634 |
||
| 906 |
_d2014-2015 _f261 |
||
| 999 |
_c38548 _d38548 |
||